000 01260nam a2200253Ia 4500
999 _c39414
_d39414
001 6005
003 GE_BSU
005 20190627193042.0
008 181216s1979|||| |||||||||||||| ||geo||
041 _ageo
080 _a621.38(075.8) გ-35
100 _aგერასიმოვი, ვ.
_93011
245 _aსამრეწველო ელექტრონიკის საფუძვლები : სახელმძღვ. /
_cვ.გერასიმოვი ; ო. კნიაზოვი ; ა. კრასნოპოლსკი ; მთარგმნ : .ა.ნოზაძე ; რედ : პ.ლაბარტყავა.
264 _aთბილისი :
_bგანათლება,
_c1979.
300 _a323 გვ .:
_bილ ;
_c22 სმ.
504 _aბიბლიოგრ.:გვ.321
653 _aსამრეწველო ელექტონიკა
653 _aტექნიკა
700 _aკნიაზოვი, ო
_93012
700 _aკრასნოპოლსკი, ა
_93013
700 _a.ნოზაძე; ა
_eრედაქტორი
_93014
700 _aლაბარტყავა, პ
_eრედაქტორი
_9523
942 _cBK
_2udc